000 00696nam a2200217Ii 4500
003 JO-AjNU
008 230606s9999||||xx |||||||||||||| ||und||
020 _a978-1-259-25311-9/1-259-25311-2
040 _aJO-AjNU
_beng
_erda
_cJO-AjNU
041 _aeng
050 1 4 _aHJ9733.W48 2016
100 3 _aReck, Jacqueline L. , Lowensohn, Suzanne L,
_eauthor
_95949
245 0 0 _aAccounting for Governmental & Nonprofit Entities
250 _a7 ed
264 3 1 _aNew York: McGraw-Hill,2016
300 _a771P
336 _atext
_btxt
_2rdacontent
337 _aunmediated
_bn
_2rdamedia
338 _avolume
_bnc
_2rdacarrier
650 4 _aFinance - Public- Accounting - Nonprofit organizations
_95950
999 _aE3086
_c3083
_d3083